000 00595nam a2200229Ia 4500
003 OSt
005 20220928101731.0
006 a|||||r|||| 00| 0
007 ta
008 220927b |||||||| |||| 00| 0 eng d
024 _a51258
037 _cTextual
040 _aSDCL
_cSDCL
_beng
041 _2eng
_aeng
082 _aO157,3N331,4, 152K9
100 _aShankar
_9394441
245 0 _aPatra-patri.
260 _aDelhi
_bNational Publishing House
_c1969
300 _a119p
_ccm.
942 _hO157,3N331,4, 152K9
_cTEXL
_2CC
999 _c710011
_d710011